01347nam a22003134a 4500001001200000003000800012006001900020007001500039008004100054010001700095020002800112040002100140035002000161050002700181082002900208100002100237245011200258246005800370260005400428300002400482490003900506504006400545533015200609650006000761655002900821710001700850830004000867856012600907ebr10019969CaPaEBRm u cr cn|||||||||020220s2002 moua sb s001 0 eng  z 2002024568 z0826214010 (alk. paper) aCaPaEBRcCaPaEBR a(OCoLC)5563841714aGV863.M82bS253 2002eb04a796.357/09778/6690342211 aCash, Jon David.10aBefore they were cardinalsh[electronic resource] :bmajor league baseball in nineteenth-century St. Louis.30aMajor league baseball in nineteenth-century St. Louis aColumbia :bUniversity of Missouri Press,cc2002. axiv, 279 p. :bill.1 aSports and American culture series aIncludes bibliographical references (p. 205-272) and index. aElectronic reproduction.bPalo Alto, Calif. :cebrary,d2013.nAvailable via World Wide Web.nAccess may be limited to ebrary affiliated libraries. 0aBaseballzMissourizSaint LouisxHistoryy19th century. 7aElectronic books.2local2 aebrary, Inc. 0aSports and American culture series.40uhttp://site.ebrary.com/lib/rucke/Doc?id=10019969zAn electronic book accessible through the World Wide Web; click to view